Supreme Court Civil No. 63 of 1995 Aziz Kalungi Kasujja Vs Nauni Tabakanya Nakakande (Record no. 2535)
[ view plain ]
| 000 -LEADER | |
|---|---|
| fixed length control field | 00497nam a22001217a 4500 |
| 008 - FIXED-LENGTH DATA ELEMENTS--GENERAL INFORMATION | |
| fixed length control field | 110608t xxu||||| |||| 00| 0 eng d |
| 010 ## - LIBRARY OF CONGRESS CONTROL NUMBER | |
| LC control number | SCCAF-13 |
| 245 ## - TITLE STATEMENT | |
| Title | Supreme Court Civil No. 63 of 1995 Aziz Kalungi Kasujja Vs Nauni Tabakanya Nakakande |
| 260 ## - PUBLICATION, DISTRIBUTION, ETC. (IMPRINT) | |
| Date of publication, distribution, etc | 1995 |
| 500 ## - GENERAL NOTE | |
| General note | CORAM: Karokora, J,S.C., Mulenga, J.S.C. & Kanyeihamba, J.S.C. |
| 500 ## - GENERAL NOTE | |
| General note | Appeal from Judgment and decree of the High Court of Uganda Mr. Justice G.G. Okello in civil suit No. 625 of 1984 dated 19. 9 .94. |
| Withdrawn status | Lost status | Source of classification or shelving scheme | Damaged status | Koha normalized classification for sorting | Not for loan | Location (home branch) | Sublocation or collection (holding branch) | Shelving location | Date acquired | Koha issues (times borrowed) | Koha full call number | Piece designation (barcode) | Koha date last seen | Koha date last borrowed | Price effective from | Koha item type |
|---|---|---|---|---|---|---|---|---|---|---|---|---|---|---|---|---|
| Dewey Decimal Classification | SCCAF_13 | Law Development Centre Main Library | Law Development Centre Main Library | Law Reports | 06/08/2011 | 1 | SCCAF:13 | 63/1995 | 06/30/2017 | 06/30/2017 | 06/08/2011 | Un Reported Cases |
